[Event "TCh-FRA Top 12 2016"]
[Site "Drancy FRA"]
[Date "2016.05.29"]
[Round "2.2"]
[Board "5"]
[White "Pelletier, Yannick"]
[Black "Bijaoui, Manuel"]
[Result "1-0"]
[WhiteTitle "GM"]
[BlackTitle "IM"]
[WhiteElo "2558"]
[BlackElo "2406"]
[WhiteTeam "BISCHWILLER"]
[BlackTeam "Cavalier Bleu DRANCY"]
[WhiteFideId "1301837"]
[BlackFideId "626783"]
[EventDate "2016.05.28"]

1. d4 Nf6 2. c4 g6 3. Nc3 Bg7 4. e4 d6 5. Nf3 O-O 6. Be2 c5 7. O-O cxd4 8. Nxd4
Nc6 9. Be3 Bd7 10. Rc1 Nxd4 11. Bxd4 Bc6 12. Qd3 a5 13. Rfe1 Nd7 14. Bxg7 Kxg7
15. Bf1 Qb6 16. Qd2 Qb4 17. a3 Qb6 18. Nd5 Bxd5 19. exd5 Rfe8 20. b4 axb4 21.
axb4 Ra4 22. Rb1 Qa7 23. c5 Nf6 24. Bb5 Ra2 25. Rb2 Rxb2 26. Qxb2 Rd8 27. Ra1
Qb8 28. c6 e6 29. dxe6 bxc6 30. Bxc6 fxe6 31. b5 Qb6 32. Qa2 Ng4 33. Qa7+ Qxa7
34. Rxa7+ Kf6 35. f4 Rb8 36. Rxh7 e5 37. g3 exf4 38. gxf4 Ne3 39. Rb7 Rxb7 40.
Bxb7 Nc4 41. Be4 g5 42. Bd3 d5 43. fxg5+ 1-0

[Event "TCh-FRA Top 12 2016"]
[Site "Drancy FRA"]
[Date "2016.05.29"]
[Round "2.2"]
[Board "6"]
[White "Mazet, Julien"]
[Black "Le Roux, Jean-Pierre"]
[Result "0-1"]
[BlackTitle "GM"]
[WhiteElo "2176"]
[BlackElo "2549"]
[WhiteTeam "Cavalier Bleu DRANCY"]
[BlackTeam "BISCHWILLER"]
[WhiteFideId "617954"]
[BlackFideId "609404"]
[EventDate "2016.05.28"]

1. d4 Nf6 2. Nf3 c5 3. c3 g6 4. Bf4 b6 5. e3 Bg7 6. Be2 d6 7. h3 O-O 8. O-O Bb7
9. Nbd2 Nbd7 10. a4 a6 11. Bh2 Ra7 12. b4 Qa8 13. Qb3 Ne4 14. Nc4 Bd5 15. Qa3
cxb4 16. Qxb4 a5 17. Qb2 Rc8 18. Ncd2 Nxc3 19. Bd3 e5 20. Bb5 Nxb5 21. Qxb5 Rac7
22. Rfd1 h6 23. e4 Bc6 24. Qe2 Bb7 25. Rab1 Ba6 26. Qe1 Qc6 27. dxe5 dxe5 28.
Ra1 Qe6 29. Nf1 Bf8 30. Ne3 Bb4 31. Nd2 Nf6 32. f3 Rd7 33. Qf2 Bc5 34. Kh1 Rcd8
35. Rac1 Rd3 36. Rxc5 bxc5 37. Nef1 c4 38. Rc1 c3 39. Nb1 Rd1 0-1

[Event "TCh-FRA Top 12 2016"]
[Site "Drancy FRA"]
[Date "2016.05.29"]
[Round "2.2"]
[Board "7"]
[White "Schlosser, Philipp"]
[Black "Roumegous, Marina"]
[Result "1-0"]
[WhiteTitle "GM"]
[BlackTitle "WIM"]
[WhiteElo "2539"]
[BlackElo "2117"]
[WhiteTeam "BISCHWILLER"]
[BlackTeam "Cavalier Bleu DRANCY"]
[WhiteFideId "4600169"]
[BlackFideId "620416"]
[EventDate "2016.05.28"]

1. c4 Nf6 2. Nf3 e6 3. g3 d5 4. Bg2 Be7 5. O-O O-O 6. d4 c6 7. Qc2 b6 8. Nbd2
Bb7 9. e4 Na6 10. b3 Qc8 11. Bb2 Re8 12. Ne5 c5 13. exd5 exd5 14. dxc5 Nxc5 15.
Rac1 Rd8 16. Rfd1 Ne6 17. cxd5 Qxc2 18. Rxc2 Bxd5 19. Nc6 Bxc6 20. Rxc6 Rac8 21.
Rxc8 Rxc8 22. Nc4 Rd8 23. Rxd8+ Bxd8 24. Nd6 a5 25. Nc4 Nd7 26. Bc6 Ndc5 27. Ne5
Bf6 28. Bb5 Bd8 29. Kf1 Bc7 30. Ke2 Kf8 31. Bc4 Ke7 32. a3 b5 33. Bxb5 Nxb3 34.
Nc6+ Kd6 35. a4 Kd5 36. Ne7+ Kc5 37. Kd3 Kb6 38. Kc4 Nd2+ 39. Kd3 Nb3 40. Nd5+
Kb7 41. f4 g6 42. Be8 Nbc5+ 43. Kc4 Ne4 44. Nf6 Nd6+ 45. Kd5 Nd8 46. Be5 Nf5 47.
g4 Ne7+ 48. Ke4 h6 49. h4 Ne6 50. Bxc7 Kxc7 51. Ke5 Nc6+ 52. Bxc6 Kxc6 53. Ne4
Kd7 54. f5 gxf5 55. gxf5 Nd8 56. Kf6 Kc6 57. Ke7 Nb7 58. Kxf7 Kd5 59. Nc3+ Kc4
60. Ke7 1-0

[Event "TCh-FRA Top 12 2016"]
[Site "Drancy FRA"]
[Date "2016.05.29"]
[Round "2.2"]
[Board "8"]
[White "Roumegous, Etienne"]
[Black "Maisuradze, Nino"]
[Result "0-1"]
[BlackTitle "WGM"]
[WhiteElo "2145"]
[BlackElo "2239"]
[WhiteTeam "Cavalier Bleu DRANCY"]
[BlackTeam "BISCHWILLER"]
[WhiteFideId "603910"]
[BlackFideId "13601717"]
[EventDate "2016.05.28"]

1. d4 Nf6 2. c4 e6 3. Nc3 c5 4. d5 exd5 5. cxd5 d6 6. e4 g6 7. h3 Bg7 8. Nf3 O-O
9. Bd3 Nh5 10. Bg5 Bf6 11. Bh6 Bg7 12. Bg5 Bf6 13. Be3 Nd7 14. Nd2 Re8 15. O-O
Bg7 16. f4 f5 17. Qf3 Ndf6 18. e5 dxe5 19. fxe5 Nd7 20. Nc4 Nxe5 21. Nxe5 Bxe5
22. Bxc5 Qc7 23. Bf2 Bd7 24. Rac1 Rac8 25. Rc2 Qd6 26. Rfc1 a6 27. Ne2 Nf6 28.
Bc5 Rxc5 29. Rxc5 Bxb2 30. R1c4 b5 31. Rc6 Bxc6 32. Rxc6 Qxd5 33. Qxd5+ Nxd5 34.
Rxa6 Nc7 35. Ra7 Rxe2 36. Rxc7 Bd4+ 37. Kf1 Rf2+ 38. Ke1 Rxa2 39. Bxb5 Rxg2 40.
Bc4+ Kh8 41. Bf1 Rb2 42. Rd7 Bc3+ 43. Kd1 Rf2 44. Be2 Rh2 45. Rd3 Bf6 46. Bf1
Kg7 47. Rd2 Rh1 48. Ke2 Bh4 49. Bg2 Re1+ 50. Kf3 Re7 51. Rd4 Bf6 52. Rd5 Be5 53.
Rb5 g5 54. Kf2 h5 55. Rb7 Bc7 56. Bf3 g4 57. Bg2 Kg6 58. Rb5 Be5 59. Rb7 Bc7 60.
Rb5 f4 61. Bh1 Be5 62. Rb3 Bd4+ 63. Kf1 Kg5 64. Bg2 Kh4 65. Rd3 Be3 66. Rd5 f3
67. Bh1 Rc7 68. Rd1 Kxh3 69. Re1 Rc1 0-1

[Event "TCh-FRA Top 12 2016"]
[Site "Drancy FRA"]
[Date "2016.05.29"]
[Round "2.3"]
[Board "1"]
[White "Fier, Alexandr"]
[Black "Sumets, Andrey"]
[Result "1/2-1/2"]
[WhiteTitle "GM"]
[BlackTitle "GM"]
[WhiteElo "2624"]
[BlackElo "2571"]
[WhiteTeam "Echecs Club MONTPELLIER"]
[BlackTeam "Les Tours de Haute Picardie, SAINT QUENTIN"]
[WhiteFideId "2107139"]
[BlackFideId "14105500"]
[EventDate "2016.05.28"]

1. e4 c6 2. d4 d5 3. Nd2 dxe4 4. Nxe4 Bf5 5. Ng3 Bg6 6. h4 h6 7. Nf3 e6 8. Ne5
Bh7 9. Bd3 Bxd3 10. Qxd3 Nd7 11. f4 Bb4+ 12. c3 Be7 13. Bd2 Ngf6 14. O-O-O O-O
15. Qf3 Qc7 16. Ne2 h5 17. g4 Nxg4 18. Ng3 Ndxe5 19. fxe5 g6 20. Ne4 c5 21. Kb1
Rad8 22. Bg5 cxd4 23. cxd4 Rd7 24. Bxe7 Rxe7 25. Rc1 Qb6 26. Qf4 Rd7 27. Nd6 Rc7
28. Rcg1 Qc6 29. a3 b5 30. Ne4 b4 31. Rc1 Qb6 32. Rxc7 Qxc7 33. axb4 Qc4 34. Rc1
Qxb4 35. Nd6 Qa4 36. Rc7 Qd1+ 37. Ka2 Qa4+ 38. Kb1 Qd1+ 39. Ka2 1/2-1/2

[Event "TCh-FRA Top 12 2016"]
[Site "Drancy FRA"]
[Date "2016.05.29"]
[Round "2.3"]
[Board "2"]
[White "Kovalenko, Igor"]
[Black "Mista, Aleksander"]
[Result "1-0"]
[WhiteTitle "GM"]
[BlackTitle "GM"]
[WhiteElo "2644"]
[BlackElo "2593"]
[WhiteTeam "Les Tours de Haute Picardie, SAINT QUENTIN"]
[BlackTeam "Echecs Club MONTPELLIER"]
[WhiteFideId "14117908"]
[BlackFideId "1110381"]
[EventDate "2016.05.28"]

1. c4 g6 2. d4 Nf6 3. Nc3 d5 4. Bg5 Bg7 5. Nf3 Ne4 6. Bf4 Nxc3 7. bxc3 c5 8. e3
O-O 9. cxd5 cxd4 10. cxd4 Qxd5 11. Be2 Nc6 12. O-O Bf5 13. Qb3 Be4 14. Rfc1 Rac8
15. Bg3 Qa5 16. Bc4 Qf5 17. Be2 Qa5 18. h4 Bd5 19. Bc4 Bxf3 20. gxf3 e5 21. d5
Ne7 22. d6 Nc6 23. Qxb7 Qd8 24. Bd5 Qxd6 25. Bxc6 Rc7 26. Qa6 Rfc8 27. Rab1 h5
28. Rc2 Rxc6 29. Qxc6 Rxc6 1-0

[Event "TCh-FRA Top 12 2016"]
[Site "Drancy FRA"]
[Date "2016.05.29"]
[Round "2.3"]
[Board "3"]
[White "Libiszewski, Fabien"]
[Black "David, Alberto"]
[Result "1/2-1/2"]
[WhiteTitle "GM"]
[BlackTitle "GM"]
[WhiteElo "2533"]
[BlackElo "2571"]
[WhiteTeam "Echecs Club MONTPELLIER"]
[BlackTeam "Les Tours de Haute Picardie, SAINT QUENTIN"]
[WhiteFideId "616834"]
[BlackFideId "4000013"]
[EventDate "2016.05.28"]

1. e4 c5 2. Nf3 e6 3. d4 cxd4 4. Nxd4 a6 5. c4 Nf6 6. Nc3 Qc7 7. Be2 b6 8. f4
Bb7 9. e5 Ne4 10. Nxe4 Bxe4 11. Bf3 Bb4+ 12. Kf2 Bxf3 13. Qxf3 Ra7 14. Be3 O-O
15. Rac1 f6 16. exf6 Rxf6 17. Rhf1 Bc5 18. Kg1 Nc6 19. Nxc6 Qxc6 20. Bxc5 Qxc5+
21. Kh1 Rc7 22. Qa8+ Qf8 23. Qxf8+ Kxf8 24. b3 Ke7 25. g3 Rf5 26. Kg2 Rfc5 27.
Rce1 b5 28. cxb5 axb5 29. Rf2 Rc2 30. Ree2 Rxe2 31. Rxe2 g6 32. Kf3 Rc3+ 33. Ke4
b4 34. Rd2 h5 35. Ke5 d6+ 36. Ke4 Kd7 37. Rd4 Rc2 38. Rxb4 Rxa2 39. Rb7+ Kc6 40.
Rg7 Rxh2 41. Rxg6 Kd7 42. Rg7+ Kc6 43. Rg6 Kd7 44. Rg7+ 1/2-1/2

[Event "TCh-FRA Top 12 2016"]
[Site "Drancy FRA"]
[Date "2016.05.29"]
[Round "2.3"]
[Board "4"]
[White "Neiksans, Arturs"]
[Black "Flear, Glenn C"]
[Result "1-0"]
[WhiteTitle "GM"]
[BlackTitle "GM"]
[WhiteElo "2627"]
[BlackElo "2452"]
[WhiteTeam "Les Tours de Haute Picardie, SAINT QUENTIN"]
[BlackTeam "Echecs Club MONTPELLIER"]
[WhiteFideId "11601388"]
[BlackFideId "400165"]
[EventDate "2016.05.28"]

1. Nf3 d5 2. g3 c5 3. Bg2 Nf6 4. O-O e6 5. c4 Be7 6. cxd5 Nxd5 7. Nc3 Nc6 8. d4
O-O 9. e4 Nxc3 10. bxc3 b6 11. d5 Na5 12. Bf4 exd5 13. exd5 Bd6 14. Bxd6 Qxd6
15. Qd3 g6 16. Rfe1 Bd7 17. Nd2 Bf5 18. Qe3 Rad8 19. h3 Qd7 20. g4 Rde8 21. Qg3
Bc2 22. c4 f5 23. d6 Ba4 24. Bd5+ Kh8 25. Nf3 Qg7 26. Ng5 f4 27. Qf3 Bd7 28. Kg2
h6 29. h4 Qf6 30. Rxe8 Bxe8 31. Ne6 Rf7 32. Re1 Bd7 33. g5 Qf5 34. gxh6 Rf6 35.
Ng5 Nc6 36. Bxc6 Bxc6 37. Qxc6 f3+ 38. Qxf3 1-0

[Event "TCh-FRA Top 12 2016"]
[Site "Drancy FRA"]
[Date "2016.05.29"]
[Round "2.3"]
[Board "5"]
[White "Lazarev, Vladimir"]
[Black "Brochet, Philippe"]
[Result "1/2-1/2"]
[WhiteTitle "GM"]
[BlackTitle "IM"]
[WhiteElo "2378"]
[BlackElo "2379"]
[WhiteTeam "Les Tours de Haute Picardie, SAINT QUENTIN"]
[BlackTeam "Echecs Club MONTPELLIER"]
[WhiteFideId "4113250"]
[BlackFideId "602469"]
[EventDate "2016.05.28"]

1. Nf3 d5 2. c4 d4 3. g3 g6 4. Bg2 Bg7 5. O-O c5 6. d3 Nc6 7. Na3 e5 8. Nc2 Nge7
9. Rb1 a5 10. e3 dxe3 11. Bxe3 Nd4 12. a3 a4 13. Ncxd4 cxd4 14. Bd2 O-O 15. b4
axb3 16. Bb4 Re8 17. Nd2 Nc6 18. Bc5 Qa5 19. Nxb3 Qa4 20. Qe2 Bf5 21. Bd6 Bf8
22. Nc5 Qxa3 23. Rb3 Qa2 24. Rb2 Qa3 25. Rb3 Qa2 26. Rb2 Qa3 1/2-1/2

[Event "TCh-FRA Top 12 2016"]
[Site "Drancy FRA"]
[Date "2016.05.29"]
[Round "2.3"]
[Board "6"]
[White "Smith, Axel"]
[Black "Degraeve, Jean-Marc"]
[Result "0-1"]
[WhiteTitle "GM"]
[BlackTitle "GM"]
[WhiteElo "2499"]
[BlackElo "2561"]
[WhiteTeam "Echecs Club MONTPELLIER"]
[BlackTeam "Les Tours de Haute Picardie, SAINT QUENTIN"]
[WhiteFideId "1707930"]
[BlackFideId "600270"]
[EventDate "2016.05.28"]

1. d4 Nf6 2. c4 g6 3. Nf3 Bg7 4. e3 c5 5. d5 O-O 6. Nc3 d6 7. Be2 e5 8. e4 Ne8
9. O-O f5 10. exf5 gxf5 11. Ne1 f4 12. Bd3 Bf5 13. Bxf5 Rxf5 14. Qd3 Rf6 15. Nf3
Rg6 16. Ne4 Nd7 17. a4 a5 18. Bd2 Ndf6 19. Nfg5 Nxe4 20. Nxe4 Nf6 21. Ra3 Nxe4
22. Qxe4 Qd7 23. Kh1 Bf6 24. Rh3 b6 25. b3 Rf8 26. Rg1 Bd8 27. Bc1 Rf7 28. Bd2
Rfg7 29. Rf3 Rg4 30. Bc1 Rh4 31. Bd2 Rg6 32. h3 Rg3 33. Re1 Rhxh3+ 34. Kg1 Rxf3
35. gxf3 Qg7+ 36. Kf1 Rh1+ 37. Ke2 Rxe1+ 38. Kxe1 Qg5 39. Ke2 Kg7 40. Qb1 h5 41.
Qh1 Kg6 42. Qh3 Qf5 43. Qg2+ Bg5 44. Qh1 h4 45. Qg2 h3 46. Qh1 Bh6 47. Qg1+ Qg5
48. Kf1 Qxg1+ 49. Kxg1 Kf5 50. Kh2 e4 51. Kxh3 exf3 52. Bc3 Ke4 53. Bf6 Kd3 54.
Bh4 Ke2 55. Kg4 Bg7 56. Kxf4 Bd4 57. Kf5 Bxf2 58. Bxf2 Kxf2 59. Ke6 Ke3 60. Kxd6
f2 61. Kc7 f1=Q 62. d6 Qf4 63. Kc6 Kd3 64. d7 Qb8 65. d8=R+ Qxd8 0-1

[Event "TCh-FRA Top 12 2016"]
[Site "Drancy FRA"]
[Date "2016.05.29"]
[Round "2.3"]
[Board "7"]
[White "Touzane, Olivier"]
[Black "Marcelin, Cyril"]
[Result "1/2-1/2"]
[WhiteTitle "IM"]
[BlackTitle "GM"]
[WhiteElo "2308"]
[BlackElo "2477"]
[WhiteTeam "Echecs Club MONTPELLIER"]
[BlackTeam "Les Tours de Haute Picardie, SAINT QUENTIN"]
[WhiteFideId "602906"]
[BlackFideId "607274"]
[EventDate "2016.05.28"]

1. d4 d5 2. Bf4 Bg4 3. h3 Bh5 4. Nf3 Bxf3 5. gxf3 e6 6. Rg1 c6 7. Nd2 Nf6 8. c3
Nh5 9. Bh2 Bd6 10. Bxd6 Qxd6 11. e3 Nd7 12. f4 g6 13. Qa4 a6 14. Bd3 Rc8 15. b4
f6 16. Qd1 e5 17. f5 e4 18. Bf1 Nf8 19. Nb3 Ng7 20. fxg6 hxg6 21. Nc5 Rc7 22.
Qg4 Kf7 23. Qg3 Nf5 24. Qxd6 Nxd6 25. a4 Nd7 26. Nb3 Ra8 27. Be2 b6 28. Kd2 c5
29. bxc5 bxc5 30. Na5 c4 31. Rab1 Rh8 32. Rh1 f5 33. Rb4 Kf6 34. f4 g5 35. fxg5+
Kxg5 36. Rbb1 Kf6 37. h4 Rb8 38. h5 Rcc8 39. Rhg1 Rxb1 40. Rxb1 Rb8 41. Rb4 Rxb4
42. cxb4 Nb8 43. Kc3 Kg5 44. Bd1 Kh6 45. Be2 Kg5 46. Bd1 Kh6 1/2-1/2

[Event "TCh-FRA Top 12 2016"]
[Site "Drancy FRA"]
[Date "2016.05.29"]
[Round "2.3"]
[Board "8"]
[White "Leconte, Maria"]
[Black "Haussernot, Cecile"]
[Result "0-1"]
[WhiteTitle "WGM"]
[BlackTitle "WFM"]
[WhiteElo "2217"]
[BlackElo "2087"]
[WhiteTeam "Les Tours de Haute Picardie, SAINT QUENTIN"]
[BlackTeam "Echecs Club MONTPELLIER"]
[WhiteFideId "618446"]
[BlackFideId "601632"]
[EventDate "2016.05.28"]

1. e4 c5 2. Nf3 d6 3. d4 cxd4 4. Nxd4 Nf6 5. Nc3 a6 6. a4 e5 7. Nf3 b6 8. Bg5
Nbd7 9. Bc4 Be7 10. O-O O-O 11. Qe2 Bb7 12. Rfd1 Qc7 13. Bxf6 Nxf6 14. Nd5 Nxd5
15. Bxd5 Bxd5 16. Rxd5 f5 17. c4 Rac8 18. b3 f4 19. h3 Rf6 20. Rad1 Qc6 21. R1d3
Re6 22. Nd2 Rf8 23. Qd1 Qe8 24. b4 Qg6 25. a5 bxa5 26. Rxa5 Ref6 27. Qf3 d5 28.
Raxd5 Bxb4 29. Rxe5 a5 30. Rb5 Rb6 31. Rxb6 Qxb6 32. Qd1 Bc5 33. Rb3 Bxf2+ 34.
Kf1 Qd4 35. Qe2 Bg3 36. c5 Kh8 37. c6 Qc5 38. Nc4 Rd8 39. Rb2 Bh2 40. Ke1 Qg1+
41. Qf1 Bg3+ 42. Ke2 Qd4 43. Kf3 Qc3+ 44. Kg4 h5+ 45. Kxh5 Qf6 46. e5 Qf5# 0-1

[Event "TCh-FRA Top 12 2016"]
[Site "Drancy FRA"]
[Date "2016.05.29"]
[Round "2.4"]
[Board "1"]
[White "Moussard, Jules"]
[Black "Duda, Jan-Krzysztof"]
[Result "0-1"]
[WhiteTitle "IM"]
[BlackTitle "GM"]
[WhiteElo "2506"]
[BlackElo "2666"]
[WhiteTeam "EVRY Grand Roque"]
[BlackTeam "C.E. de BOIS COLOMBES"]
[WhiteFideId "642908"]
[BlackFideId "1170546"]
[EventDate "2016.05.28"]

1. Nf3 Nf6 2. g3 g6 3. b3 Bg7 4. Bb2 O-O 5. Bg2 d6 6. O-O e5 7. c4 Re8 8. d3 Nc6
9. Nc3 a6 10. e3 Rb8 11. d4 exd4 12. exd4 b5 13. d5 Ne7 14. cxb5 Nfxd5 15. Qd2
Nxc3 16. Bxc3 Bxc3 17. Qxc3 Rxb5 18. Rfd1 Bb7 19. Rac1 Qa8 20. Nh4 Bxg2 21. Nxg2
Rc5 22. Qd2 Rd5 23. Qc3 Nf5 24. g4 Rc5 25. Qd3 Rxc1 26. Rxc1 Ng7 27. Ne3 Qf3 28.
Qd1 Rxe3 29. fxe3 Qxe3+ 30. Kh1 Ne6 31. Qg1 Qe4+ 32. Qg2 Qe5 33. Rf1 Nf4 34.
Qa8+ Kg7 35. g5 d5 36. Rxf4 Qxf4 37. Qxa6 Qxg5 38. Qe2 d4 39. a4 Qd5+ 40. Kg1 d3
41. Qd1 Kf8 42. a5 Qxa5 43. Qxd3 Qc5+ 44. Kg2 c6 45. Qd8+ Kg7 46. Qb8 Qb5 47.
Qg3 Qe2+ 48. Kg1 Qd1+ 49. Kg2 Qd2+ 50. Kf1 Qd4 51. Qc7 Qe4 52. b4 h5 53. Qd6
Qf5+ 54. Kg1 Qg5+ 55. Kh1 Qf6 56. Qd1 h4 57. Kg2 Qb2+ 58. Kh3 Qxb4 59. Qc1 c5
60. Qg5 Qc3+ 61. Kxh4 Qf6 62. Kh3 Qf3+ 0-1

[Event "TCh-FRA Top 12 2016"]
[Site "Drancy FRA"]
[Date "2016.05.29"]
[Round "2.4"]
[Board "2"]
[White "Bauer, Christian"]
[Black "Justo, Damian"]
[Result "1/2-1/2"]
[WhiteTitle "GM"]
[BlackTitle "FM"]
[WhiteElo "2634"]
[BlackElo "2325"]
[WhiteTeam "C.E. de BOIS COLOMBES"]
[BlackTeam "EVRY Grand Roque"]
[WhiteFideId "603767"]
[BlackFideId "101168"]
[EventDate "2016.05.28"]

1. Nf3 Nf6 2. g3 d5 3. Bg2 c6 4. O-O Bf5 5. d3 e6 6. c4 dxc4 7. dxc4 Qxd1 8.
Rxd1 Nbd7 9. Nc3 a5 10. Nd4 Bg6 11. Na4 e5 12. Nb3 Bc2 13. Rf1 Bb4 14. h3 Ne4
15. Be3 Bxb3 16. axb3 Nec5 17. Nxc5 Nxc5 18. Bxc5 1/2-1/2

[Event "TCh-FRA Top 12 2016"]
[Site "Drancy FRA"]
[Date "2016.05.29"]
[Round "2.4"]
[Board "3"]
[White "Leroy, Didier"]
[Black "Maze, Sebastien"]
[Result "0-1"]
[WhiteTitle "IM"]
[BlackTitle "GM"]
[WhiteElo "2289"]
[BlackElo "2614"]
[WhiteTeam "EVRY Grand Roque"]
[BlackTeam "C.E. de BOIS COLOMBES"]
[WhiteFideId "610950"]
[BlackFideId "613762"]
[EventDate "2016.05.28"]

1. d4 Nf6 2. c4 b6 3. Nc3 Bb7 4. Bg5 e6 5. e3 h6 6. Bh4 Be7 7. Nf3 O-O 8. Be2 c5
9. O-O d6 10. h3 Nbd7 11. Bg3 a6 12. a4 cxd4 13. Nxd4 Rc8 14. Bh2 Ne5 15. b3 Qc7
16. Rc1 Qb8 17. Rc2 Qa8 18. f3 Rfd8 19. Qa1 Rc5 20. Rfc1 Rdc8 21. b4 Rxc4 22.
Bxc4 Nxc4 23. Nd1 d5 24. b5 Bc5 25. Kh1 Nd7 26. bxa6 Qxa6 27. Nb3 Ra8 28. Nxc5
Nxc5 29. e4 Nb3 30. Qc3 Nxc1 31. Rxc1 Qxa4 32. exd5 Bxd5 33. Ne3 Nxe3 34. Qxe3
Qa3 35. Qe1 Qd3 36. Be5 Qg6 37. Ra1 Rxa1 38. Bxa1 b5 39. Qe5 Kh7 40. Qd4 f6 41.
Kh2 Qc2 42. Kg3 Qc7+ 43. Kf2 Qb7 44. Bc3 e5 45. Qg4 Qb6+ 46. Kg3 Qc7 47. Qf5+
Kg8 48. Bd2 e4+ 49. Bf4 Qc6 50. Bd2 exf3 51. gxf3 Qd6+ 52. Kf2 Be6 0-1

[Event "TCh-FRA Top 12 2016"]
[Site "Drancy FRA"]
[Date "2016.05.29"]
[Round "2.4"]
[Board "4"]
[White "Bachmann, Axel"]
[Black "Milliet, Sophie"]
[Result "1-0"]
[WhiteTitle "GM"]
[BlackTitle "IM"]
[WhiteElo "2632"]
[BlackElo "2346"]
[WhiteTeam "C.E. de BOIS COLOMBES"]
[BlackTeam "EVRY Grand Roque"]
[WhiteFideId "3700488"]
[BlackFideId "623725"]
[EventDate "2016.05.28"]

1. c4 c5 2. Nf3 Nc6 3. d4 cxd4 4. Nxd4 Nf6 5. Nc3 e6 6. a3 d5 7. cxd5 exd5 8.
Bf4 Bc5 9. Nxc6 bxc6 10. e3 O-O 11. Be2 a5 12. Rc1 Bd6 13. Bg3 Bf5 14. Na4 Bxg3
15. hxg3 Qd6 16. Qd4 Be4 17. O-O Nd7 18. Rc3 Rfc8 19. Rfc1 Rc7 20. f3 Bg6 21. e4
Qf6 22. Qxf6 Nxf6 23. exd5 Re7 24. dxc6 Rxe2 25. c7 Bf5 26. Rc5 Be6 27. Kf1 Rd2
28. c8=Q+ Bxc8 29. Rxc8+ Rd8 30. Rxd8+ Rxd8 31. Rc5 g6 32. Rxa5 Rd2 33. g4 h5
34. g5 Nh7 35. Rb5 Nf8 36. Nc3 Kg7 37. a4 Ne6 38. a5 Rc2 39. Ne4 Nf4 40. Rb8
Nxg2 41. a6 Ne3+ 42. Kg1 1-0

[Event "TCh-FRA Top 12 2016"]
[Site "Drancy FRA"]
[Date "2016.05.29"]
[Round "2.4"]
[Board "5"]
[White "Bergez, Luc"]
[Black "Cornette, Matthieu"]
[Result "1/2-1/2"]
[WhiteTitle "IM"]
[BlackTitle "GM"]
[WhiteElo "2342"]
[BlackElo "2579"]
[WhiteTeam "EVRY Grand Roque"]
[BlackTeam "C.E. de BOIS COLOMBES"]
[WhiteFideId "606600"]
[BlackFideId "620084"]
[EventDate "2016.05.28"]

1. e4 c5 2. Nf3 Nc6 3. Bb5 g6 4. Bxc6 bxc6 5. d3 Bg7 6. O-O Nf6 7. e5 Nd5 8. Re1
O-O 9. Nbd2 f6 10. c4 Nc7 11. exf6 Rxf6 12. Ne4 Rf8 13. Nxc5 d6 14. Ne4 Bg4 15.
Ned2 Qd7 16. h3 Bh5 17. Qe2 Rf7 18. Qe4 Raf8 19. Ng5 Rxf2 20. Ndf3 Bxf3 21. Nxf3
Rc2 22. Qxe7 Qf5 23. Qe4 Qxe4 24. Rxe4 Na6 25. Ne1 Rcf2 26. Nf3 Rc2 27. Ne1 Rcf2
28. Nf3 1/2-1/2

[Event "TCh-FRA Top 12 2016"]
[Site "Drancy FRA"]
[Date "2016.05.29"]
[Round "2.4"]
[Board "6"]
[White "Ipatov, Alexander"]
[Black "Manouck, Thierry"]
[Result "1-0"]
[WhiteTitle "GM"]
[BlackTitle "IM"]
[WhiteElo "2648"]
[BlackElo "2211"]
[WhiteTeam "C.E. de BOIS COLOMBES"]
[BlackTeam "EVRY Grand Roque"]
[WhiteFideId "14116731"]
[BlackFideId "600873"]
[EventDate "2016.05.28"]

1. d4 Nf6 2. Bg5 d6 3. Bxf6 exf6 4. c4 g6 5. Nc3 Bg7 6. g3 O-O 7. Bg2 f5 8. e3
Nd7 9. Nge2 c6 10. O-O Re8 11. b4 Nf6 12. b5 Ne4 13. Qc2 Nxc3 14. Nxc3 Bd7 15.
Rab1 Qc7 16. Qa4 Rec8 17. Rb3 a6 18. bxc6 bxc6 19. Rfb1 Ra7 20. Rb6 c5 21. Qa3
cxd4 22. Nd5 Qc5 23. Qxc5 Rxc5 24. Rb8+ Bc8 25. Nb6 dxe3 26. Nxc8 exf2+ 27. Kf1
Rac7 1-0

[Event "TCh-FRA Top 12 2016"]
[Site "Drancy FRA"]
[Date "2016.05.29"]
[Round "2.4"]
[Board "7"]
[White "Ben Khelifa, Noomene"]
[Black "Vuilleumier, Alexandre"]
[Result "1/2-1/2"]
[BlackTitle "IM"]
[WhiteElo "2066"]
[BlackElo "2384"]
[WhiteTeam "EVRY Grand Roque"]
[BlackTeam "C.E. de BOIS COLOMBES"]
[WhiteFideId "641995"]
[BlackFideId "1305662"]
[EventDate "2016.05.28"]

1. d4 d6 2. Nc3 Nf6 3. e4 e5 4. dxe5 dxe5 5. Qxd8+ Kxd8 6. Nf3 Bd6 7. Bg5 Be6 8.
O-O-O Nd7 9. Bxf6+ gxf6 10. Nd2 Bc5 11. f3 c6 12. Bc4 Rg8 13. Bxe6 fxe6 14. g3
b5 15. Nb3 Be3+ 16. Kb1 Ke7 17. Rd3 Bb6 18. Rhd1 Rad8 19. Rd6 Nb8 20. Rxd8 Bxd8
21. a4 a6 22. Ne2 Bb6 23. axb5 axb5 24. c4 bxc4 25. Nd2 Rd8 26. Kc2 Na6 27. Nxc4
Nb4+ 28. Kc1 Nd3+ 29. Kc2 Nb4+ 30. Kc1 Bd4 31. f4 c5 32. Kb1 Rg8 33. Kc1 exf4
34. Nxf4 e5 35. Nd5+ Nxd5 36. exd5 Rd8 37. d6+ Ke6 38. Kc2 Ra8 39. Kb3 Rb8+ 40.
Kc2 Rb4 41. b3 Rb7 42. g4 h5 43. gxh5 Rh7 44. Rd2 Rxh5 45. Rg2 e4 46. Rg7 Rxh2+
47. Kd1 Rh1+ 48. Ke2 Rh2+ 49. Kd1 Rh1+ 50. Ke2 Rh2+ 1/2-1/2

[Event "TCh-FRA Top 12 2016"]
[Site "Drancy FRA"]
[Date "2016.05.29"]
[Round "2.4"]
[Board "8"]
[White "Guichard, Pauline"]
[Black "Bernard, Jacques"]
[Result "1-0"]
[WhiteTitle "WGM"]
[WhiteElo "2386"]
[BlackElo "2164"]
[WhiteTeam "C.E. de BOIS COLOMBES"]
[BlackTeam "EVRY Grand Roque"]
[WhiteFideId "639370"]
[BlackFideId "616176"]
[EventDate "2016.05.28"]

1. c4 c5 2. g3 Nc6 3. Bg2 g6 4. Nc3 Bg7 5. Nf3 e5 6. O-O Nge7 7. Ne1 O-O 8. Nc2
d6 9. Ne3 a6 10. d3 Rb8 11. a4 Nb4 12. Bd2 Bd7 13. Qc1 Bc6 14. Ncd5 a5 15. Bc3
f5 16. f4 Qd7 17. b3 Qe6 18. Nc7 Qd7 19. Ncd5 Qe6 20. Nxe7+ Qxe7 21. Bxc6 bxc6
22. Ng2 Rbe8 23. Bxb4 cxb4 24. Ra2 e4 25. dxe4 Qa7+ 26. e3 Rxe4 27. Rd1 Qc5 28.
Qd2 Re6 29. Qd3 Rfe8 30. Re2 Bc3 31. Kf2 R8e7 32. Nh4 Bf6 33. Nf3 Kf7 34. h4 h5
35. Ree1 Ke8 36. Nd4 Re4 37. Nf3 Bc3 38. Re2 Bf6 39. Qxd6 Qxd6 40. Rxd6 R4e6 41.
Rxe6 Rxe6 42. Rd2 Ke7 43. Nd4 Rd6 44. c5 1-0